| 000 | 00375nam a2200157Ia 4500 | ||
|---|---|---|---|
| 008 | 151213s9999 xx 000 0 und d | ||
| 100 | _aA. A. Thomson | ||
| 245 |
_aStrategic Management _cA. A. Thomson |
||
| 250 | _a4th | ||
| 260 |
_aTexas _bBusiness _c1987 |
||
| 300 | _a2696 p. | ||
| 650 | _aManagement | ||
| 650 | _aManagement | ||
| 700 | _aA. A. Thomson | ||
| 999 |
_c1808 _d1808 |
||